000 01375nam a2200325 i 4500
003 EG-GICUC
005 20260121101545.0
008 251229s2010 ua ||||fr|||| 00| 0 ara d
017 _a200920498
020 _a9789773286557
040 _a EG-GICUC
_bara
_c EG-GICUC
_d EG-GICUC
_erda
041 _aara
082 0 4 _221
_a343.6
_bط ا . ع
092 0 4 _221
099 _aLaw1 10 343.6 ط ا . ع 2010
100 0 _aطارق ابراهيم الدسوقى عطيه
_eمؤلف.
245 1 0 _aعولمة الجريمة :
_bالشراكة العالمية فى الممارسات الاجرامية /
_cطارق ابراهيم الدسوقى عطيه.
246 _aMondialisation de la crime :
_bla participation mondial les pratiques criminelis.
264 1 _aالاسكندرية :
_bدار الجامعة الجديدة،
_c2010.
300 _a583 صفحة ؛
_c24 سم.
336 _2rda content
_atext
337 _2rda media
_aComputer
338 _2rda carrier
_aOnline Resource
504 _aيحتوي على اراجاعات ببليوجرافية
546 _aالنص أغلبه باللغة العربية بعض النصوص الإنجليزية والفرنسية
650 1 4 _aعلم الإجرام
_xالقانون الجنائي
856 4 0 _uhttps://fll.law.cu.edu.eg/fulltext/bks/B10-07344.pdf
905 _a75
942 _2ddc
_cBK
_e21
_n0
999 _c52993
_d52993